MARC details
| 000 -CABECERA |
| campo de control de longitud fija |
02529nam a2200313 a 4500 |
| 003 - IDENTIFICADOR DEL NÚMERO DE CONTROL |
| campo de control |
DO-SdBNP |
| 005 - FECHA Y HORA DE LA ÚLTIMA TRANSACCIÓN |
| campo de control |
20240410073848.0 |
| 007 - CAMPO FIJO DE DESCRIPCIÓN FÍSICA--INFORMACIÓN GENERAL |
| campo de control de longitud fija |
ta |
| 008 - DATOS DE LONGITUD FIJA--INFORMACIÓN GENERAL |
| campo de control de longitud fija |
210907b2010 dr a|||| |||| 00| 0 spa d |
| 020 ## - NÚMERO INTERNACIONAL ESTÁNDAR DEL LIBRO |
| Número Internacional Estándar del Libro |
9789993427155 |
| 040 ## - FUENTE DE LA CATALOGACIÓN |
| Centro catalogador/agencia de origen |
DO-SdBNP |
| Lengua de catalogación |
spa |
| Centro/agencia transcriptor |
BNPHU |
| 082 #4 - NÚMERO DE LA CLASIFICACIÓN DECIMAL DEWEY |
| Número de clasificación |
972.93053 |
| Número de documento/Ítem |
V422d 2010 |
| Número de edición |
22 |
| 100 1# - ENTRADA PRINCIPAL--NOMBRE DE PERSONA |
| Nombre de persona |
Vega, Bernardo, |
| Fechas asociadas al nombre |
1938 - |
| 9 (RLIN) |
3222 |
| 245 10 - MENCIÓN DE TÍTULO |
| Título |
Desiderio Arias y Trujillo se escriben / |
| Mención de responsabilidad, etc. |
Bernardo Vega. |
| 250 ## - MENCIÓN DE EDICIÓN |
| Mención de edición |
2da. ed. |
| 260 ## - PUBLICACIÓN, DISTRIBUCIÓN, ETC. |
| Lugar de publicación, distribución, etc. |
Santo Domingo : |
| Nombre del editor, distribuidor, etc. |
Fundación Cultural Dominicana, |
| Fecha de publicación, distribución, etc. |
2010. |
| 300 ## - DESCRIPCIÓN FÍSICA |
| Extensión |
346 p. : |
| Otras características físicas |
il., retrs. ; |
| Dimensiones |
23 cm. |
| 500 ## - NOTA GENERAL |
| Nota general |
Incluye índice onomástico. |
| 500 ## - NOTA GENERAL |
| Nota general |
Incluye datos biográficos del autor en la solapa de la cubierta. |
| 504 ## - NOTA DE BIBLIOGRAFÍA, ETC. |
| Nota de bibliografía, etc. |
Bibliografía: p. 331-334. |
| 505 0# - NOTA DE CONTENIDO CON FORMATO |
| Título |
Introducción -- |
| -- |
Principales personalidades envueltas -- |
| -- |
¿Quién era Desiderio Arias? -- |
| -- |
Su papel en el golpe de Estado del 23 de febrero de 1930 -- |
| -- |
El 23 de febrero -- |
| -- |
Trujillo en licencia y Simón Díaz jefe del ejercito -- |
| -- |
La candidatura de Trujillo -- |
| -- |
Arias pacta con Trujillo -- |
| -- |
Desiderio apoya a Trujillo |
| -- |
Desiderio negocia con los horacista-- |
| -- |
Su distanciamiento de Trujillo en los últimos meses de 1930 -- |
| -- |
El primer levantamiento de Desiderio -- |
| -- |
La reunión entre Trujillo y Desiderio Arias -- |
| -- |
La etapa entre el abrazo en Mao y la segunda revuelta de Desiderio -- |
| -- |
El segundo levantamiento de Desiderio Arias y su muerte -- |
| -- |
Las consecuencias de la muerte de Desiderio Arias -- |
| -- |
Lo que le pasó a las principales personalidades -- |
| -- |
Conclusiones -- |
| Información miscelánea |
Anexos : |
| Título |
I.- Carta de Juan B. Pérez Rancier desde Canadá, a finales de 1931, a los también exiliados Federico Velázquez, Rafael Estrella Ureña y Ángel Morales -- |
| -- |
II.- Carta de Juan B. Pérez Rancier al presidente F. D. Roosevelt, del 30 de octubre de 1933, desde Santa Cruz de Tenerife -- |
| -- |
III.- Correspondencia entre Rafael Trujillo y Simón Díaz, del 26 de agosto del 1923 y 4 de octubre de 1929 -- |
| -- |
IV.- Cartas de "Piro" Estrella a Trujillo de septiembre y octubre de 1930, después de su recopilación -- |
| -- |
Llamadas -- |
| -- |
Bibliografía y archivos -- |
| -- |
Índice onomástico. |
| 590 ## - NOTA LOCAL (RLIN) |
| Nota local |
Inventariado, 2021 /LP<br/> |
| 600 14 - PUNTO DE ACCESO ADICIONAL DE MATERIA--NOMBRE DE PERSONA |
| Nombre de persona |
ARIAS, DESIDERIO, |
| Fechas asociadas al nombre |
1872-1931 |
| Subdivisión general |
CORRESPONDENCIA, MEMORIAS, ETC. |
| 9 (RLIN) |
33215 |
| 600 10 - PUNTO DE ACCESO ADICIONAL DE MATERIA--NOMBRE DE PERSONA |
| Nombre de persona |
Trujillo Molina, Rafael Leónidas, |
| Fechas asociadas al nombre |
1891-1961 |
| Subdivisión de forma |
Correspondencias, memorias, etc. |
| 9 (RLIN) |
54950 |
| 650 #4 - PUNTO DE ACCESO ADICIONAL DE MATERIA--TÉRMINO DE MATERIA |
| Término de materia o nombre geográfico como elemento de entrada |
Conflictos políticos |
| Subdivisión geográfica |
República Dominicana |
| Subdivisión general |
Historia |
| 9 (RLIN) |
33216 |
| 651 #0 - PUNTO DE ACCESO ADICIONAL DE MATERIA--NOMBRE GEOGRÁFICO |
| Nombre geográfico |
República Dominicana -- |
| Subdivisión general |
Historia -- |
| Subdivisión cronológica |
1844-1930 |
| 9 (RLIN) |
1009 |
| 910 ## - DATOS DE OPCIÓN DEL USUARIO (OCLC) |
| Datos de opción del usuario |
Lopérez.Validado MFF |
| 942 ## - ELEMENTOS DE PUNTO DE ACCESO ADICIONAL (KOHA) |
| Fuente del sistema de clasificación o colocación |
Dewey Decimal Classification |
| Tipo de ítem Koha |
Libro |